Statistics for Countries with the biggest amount of participations in Eurovision

Click here to take the quiz!

General Stats

  • This quiz has been taken 277 times
  • The average score is 10 of 15

Answer Stats

#Answer% Correct
62Germany
95%
61France
89%
61United Kingdom
87%
59Netherlands
69%
60Belgium
68%
59Switzerland
64%
58Spain
62%
58Sweden
61%
57Norway
59%
52Ireland
56%
44Italy
52%
50Portugal
52%
47Denmark
51%
52Finland
50%
51Austria
47%

Score Distribution

Percentile by Number Answered

Percent of People with Each Score

Your Score History

You have not taken this quiz